Những sai lầm trong quản lý và kinh doanh
Αποθηκεύτηκε σε:
| Κύριος συγγραφέας: | |
|---|---|
| Μορφή: | Βιβλίο |
| Γλώσσα: | Undetermined |
| Έκδοση: |
Hà nội
Thống Kê
1994
|
| Θέματα: | |
| Ετικέτες: |
Προσθήκη ετικέτας
Δεν υπάρχουν, Καταχωρήστε ετικέτα πρώτοι!
|
| Thư viện lưu trữ: | Trung tâm Học liệu Trường Đại học Cần Thơ |
|---|
| LEADER | 00505nam a2200169Ia 4500 | ||
|---|---|---|---|
| 001 | CTU_11389 | ||
| 008 | 210402s9999 xx 000 0 und d | ||
| 082 | |a 658.8 | ||
| 082 | |b H466 | ||
| 100 | |a Trần Tất Hợp | ||
| 245 | 0 | |a Những sai lầm trong quản lý và kinh doanh | |
| 245 | 0 | |c Trần Tất Hợp | |
| 260 | |a Hà nội | ||
| 260 | |b Thống Kê | ||
| 260 | |c 1994 | ||
| 650 | |a business,crisis management | ||
| 980 | |a Trung tâm Học liệu Trường Đại học Cần Thơ | ||